000 00370pab a2200145 454500
008 180718b1990 xxu||||| |||| 00| 0 eng d
100 _aShetty, S.L.
245 _aInvestment in agriculture
_bBrief review of recent trends
260 _c1990
300 _a389-98
362 _a17 Feb.
650 _aAgriculture
773 _aEconomic and Political Weekly
909 _a3641
999 _c3641
_d3641